Hispanoamérica del dolor (Record no. 59507)

MARC details
000 -LEADER
campo de control de longitud fija 00708nam a2200205 i 4500
001 - NÚMERO DE CONTROL
campo de control 59507
003 - IDENTIFICADOR DE NÚMERO DE CONTROL
campo de control ES-MaACL
005 - FECHA Y HORA DE LA ÚLTIMA TRANSACCIÓN
campo de control 20230906164038.0
007 - CAMPO FIJO DE DESCRIPCIÓN FÍSICA--INFORMACIÓN GENERAL
campo de control de longitud fija t|
008 - DATOS DE LONGITUD FIJA--INFORMACIÓN GENERAL
campo de control de longitud fija 031029s1947 sp ||||1| spa d
100 1# - ENTRADA PRINCIPAL--NOMBRE DE PERSONA
Nombre de persona Eizaguirre, Jaime.
9 (RLIN) 46878
245 10 - MENCIÓN DEL TÍTULO
Título Hispanoamérica del dolor
Resto del título : [el espíritu de la revolución americana] /
Mención de responsabilidad, etc. Jaime Eyzaguirre ; ilustraciones de María Droc.
260 ## - PUBLICACIÓN, DISTRIBUCIÓN, ETC.
Lugar de publicación, distribución, etc. Madrid :
Nombre del editor, distribuidor, etc. Instituto de Estudios Políticos,
Fecha de publicación, distribución, etc. 1947 (
Fabricante S. Aguirre)
300 ## - DESCRIPCIÓN FÍSICA
Extensión 125 p., 4 lám. ;
Dimensiones 21 cm.
490 1# - MENCIÓN DE SERIE
Mención de serie Colección Hispanoamericana
700 1# - ENTRADA AGREGADA--NOMBRE PERSONAL
Nombre de persona Droc, María.
9 (RLIN) 45651
830 0# - PUNTO DE ACCESO ADICIONAL DE SERIE-TÍTULO UNIFORME
Título uniforme Colección Hispanoamericana
9 (RLIN) 182680
852 ## - LOCALIZACIÓN
Ubicación ES-MaACL
Número de control de estantería C-4807
Sublocalización o colección R.25105
Holdings
Estatus retirado Estado de pérdida Estado de daño No para préstamo Biblioteca de origen Biblioteca actual Ubicación en estantería Fecha de adquisición Fuente de adquisición Total de préstamos Signatura topográfica completa Código de barras Visto por última vez Precio de reemplazo Tipo de ítem Koha
        Biblioteca del Ateneo de Madrid Biblioteca del Ateneo de Madrid Sala Palomar 17/01/2008     C-4807 1062414 23/02/2023 23/02/2023 Libro impreso